LEADER 01269nam0 22003251i 450 001 UON00457730 005 20231205105111.305 100 $a20150729d1976 |0itac50 ba 101 $aita 102 $aIT 105 $a|||| 1|||| 200 1 $aˆIl ‰kitsch$eantologia del cattivo gusto$fGillo Dorfles$gcon i contributi di John McHale ... [et al.]$ge saggi di Herman Broch e Clement Greenberg 205 $a4a ed 210 $aMilano$cMazzotta$d1976 215 $a313 p.$cill.$d24 cm. 410 1$1001UON00050404$12001 $aAntologie e Saggi$v3 606 $aKITSCH$3UONC047922$2FI 620 $aIT$dMilano$3UONL000005 676 $a709.04013$cBelle arti e arti decorative. 1900-1999. Kitsch (Trash)$v21 700 1$aDORFLES$bGillo$3UONV120884$02261 702 1$aBROCH$bHermann$3UONV114267 702 1$aGREENBERG$bClement$3UONV227986 702 1$aMACHALE$bJohn$3UONV227985 712 $aMazzotta$3UONV249653$4650 801 $aIT$bSOL$c20240220$gRICA 899 $aSIBA - SISTEMA BIBLIOTECARIO DI ATENEO$2UONSI 912 $aUON00457730 950 $aSIBA - SISTEMA BIBLIOTECARIO DI ATENEO$dSI ITA II 1472 $eSI LO 9253 7 1472 996 $aKitsch$9148382 997 $aUNIOR LEADER 01957nam0 22005413i 450 001 VAN00282076 005 20251016120232.909 017 70$2N$a9783031579851 100 $a20241021d2024 |0itac50 ba 101 $aeng 102 $aCH 105 $a|||| ||||| 181 $ai$b e 182 $ab 183 $acr 200 1 $aKnotted Fields$fRenzo L. Ricca, Xin Liu editors 210 $aCham$cSpringer$d2024 215 $axiii, 348 p.$cill.$d24 cm 461 1$1001VAN00102250$12001 $aLecture notes in mathematics$1210 $aBerlin [etc.]$cSpringer$v2344 606 $a57-XX$xManifolds and cell complexes [MSC 2020]$3VANC019671$2MF 606 $a57Kxx$xLow-dimensional topology in specific dimensions [MSC 2020]$3VANC037116$2MF 606 $a76-XX$xFluid mechanics [MSC 2020]$3VANC019858$2MF 610 $aDefect$9KW:K 610 $aFraming$9KW:K 610 $aGauss$9KW:K 610 $aHelicity$9KW:K 610 $aHopf$9KW:K 610 $aKnotPlot$9KW:K 610 $aKnots$9KW:K 610 $aMagnetic$9KW:K 610 $aMulti-Valued$9KW:K 610 $aPolynomials$9KW:K 610 $aPotentials$9KW:K 610 $aReconnection$9KW:K 610 $aRopelength$9KW:K 610 $aVortex$9KW:K 620 $aCH$dCham$3VANL001889 702 1$aLiu$bXin$3VANV087329$4340 702 1$aRicca$bRenzo L.$3VANV056038$4340 712 $aSpringer $3VANV108073$4650 801 $aIT$bSOL$c20251017$gRICA 856 4 $uhttp://doi.org/10.1007/978-3-031-57985-1$zE-book ? Accesso al full-text attraverso riconoscimento IP di Ateneo, proxy e/o Shibboleth 899 $aBIBLIOTECA DEL DIPARTIMENTO DI MATEMATICA E FISICA$1IT-CE0120$2VAN08 912 $fN 912 $aVAN00282076 950 $aBIBLIOTECA DEL DIPARTIMENTO DI MATEMATICA E FISICA$d08CONS e-book $e08LNM2344 20241021 996 $aKnotted Fields$94444403 997 $aUNICAMPANIA LEADER 01217nas 2200373 c 450 001 9910304036203321 005 20260218111632.0 035 $a(CKB)3790000000117071 035 $a(DE-599)ZDB2149153-7 035 $a(OCoLC)645099723 035 $a(DE-101)026105527 035 $a(DE-599)2149153-7 035 $a(EXLCZ)993790000000117071 100 $a20040621b18451856 |y | 101 0 $aita 135 $aur||||||||||| 181 $ctxt$2rdacontent 182 $cc$2rdamedia 183 $acr$2rdacarrier 200 00$aAnnali di chimica applicata alla medicina cioe? alla farmacia, alla tossicologia, all'igiene, alla fisiologia, alla patologia e alla terapeutica 210 31$aMilano$cAnnali Universali Scienze e Industria$d1845-1856 215 $aOnline-Ressource 608 $aZeitschrift$2gnd-content 676 $a540 676 $a610 686 $aPHARM$qDE-84$2fid 686 $a15,3$2ssgn 801 0$b0355 801 1$bDE-101 801 2$b9999 906 $aJOURNAL 912 $a9910304036203321 996 $aAnnali di chimica applicata alla medicina cioe? alla farmacia, alla tossicologia, all'igiene, alla fisiologia, alla patologia e alla terapeutica$92166937 997 $aUNINA